000 00904nam a2200217Ia 4500
999 _c40279
_d40279
001 6887
003 GE_BSU
005 20200203110346.0
008 181216s1990||||ge |||||||||||||| ||geo||
040 _cGE_BSU
041 _ageo
080 _a821.353.1-4 გ-69
100 _aგორგაძე, რევაზ.
_96671
245 _aლამაზი თვალების ქვეყანა :
_bნარკვევი /
_cრევაზ გორგაძე ; რედ. ზ. ფირცხალაიშვილი.
264 _aბათუმი :
_bსაბჭ.აჭარა,
_c1990.
300 _a200 გვ. ;
_bილ. ;
_c20 სმ.
653 _aლამაზი თვალების ქვეყანა
653 _aნარკვევი
700 _aფირცხალაიშვილი, ზ.
_eრედაქტორი
_93678
942 _cBK
_2udc